Culture Générale 1 - Statistiques

Statistiques générales
  • Ce quiz a été pris 35 fois
    29 depuis la dernière actualisation
  • Le résultat moyen est 3 sur 20
Statistiques - réponses
Hint Réponse % Correct
Un des personnages principaux dans les Misérables qui à son prénom dans son nom Jean Valjean
91%
Palais impérial au sein de la Cité impériale de Pékin réalisée entre 1406 et 1420 sous la dynastie Ming La Cité Interdite
57%
Journaux américains qui ont diffusé les informations concernant le Pentagon Papers New York Times / Washington Post
39%
Bataille en 732 durant laquelle Charles Martel repousse les troupes arabe-berbère d'Abd al-Rhaman Bataille de Poitiers
26%
Cathédrale célèbre d'allemagne, c'est la deuxième plus haute du pays après l'église principale d'Ulm Cathédrale de Cologne
22%
Président français sous lequel à eu lieu l'affaire du Rainbow Warrior (bateau Greenpeace coulé) François Mitterand
22%
Homme politique français secrétaire du Parti communiste français (PCF) de 1972 à 1994 George Marchais
13%
Sous-marin lanceur de missiles russe qui a sombré en 2000 avec 118 hommes à bord Koursk
13%
Danseuse et chanteuse française qui a chanté l'iconique chanson "Mon truc en plumes" Zizi Jeanmaire
13%
Lobby américain créée en 1963 qui soutient Israel AIPAC
9%
Directeur du FBI pendant 48 ans de 1924 à 1972 qu'il a dirigé d'une main de fer J. Edgar Hoover
9%
Devenu roi du Danemark en 2024 Frederik X
4%
Maison qui possède la branche des seigneurs et princes de Monaco Maison Grimaldi
4%
Manufacture datant de 1601 connu pour ses tapisseries Manufacture des Gobelins
4%
Plat le plus populaire et plat national d'Indonésie Nasi Goreng
4%
Nom de la période de l'histoire des Pays-Bas comprise entre 1584 et 1702 où le pays est la première puissance commerciale du monde Siècle d'or néerlandais
4%
Date de l'indépendance du Portugal (Traité de Lisbonne) 1668
0%
Plante carnivore la plus connue et la plus emblématique Dionée attrape-mouche
0%
Général américain qui mena les forces des Nations Unies durant la guerre de Corée Douglas MacArthur
0%
Photographe français célèbre surnommé "l'oeil du siècle" Henri Cartier-Bresson
0%
Aucun quiz correspondant
Distribution des résultats
% des personnes avec chaque résultat
Percentile par nombre de réponses
Votre historique - résultats
Vous n’avez pas pris ce quiz depuis la dernière actualisation